000 00899nas a2200289 4500
001 BR2012002849
003 BR-BrBNA
005 20231205120445.0
007 ta
008 230509b bl.|||p| |||| 00| 00por d
040 _aBR-BrBNA
_bpor
_cBiblioteca Nacional de Agricultura
041 _a(Pt)
072 _aM12
100 1 _aNogueira, I. de S.
100 1 _aOliveira, J.E. de
245 1 _aChlorococcales e Ulothricales de hábito colonial de quatro lagos artificiais do município de Goiânia- GO
650 _aGOIÂNIA
650 _aESPÉCIE
650 _aLAGO ARTIFICIAL
650 _aÁGUA DOCE
650 _aRESERVATÓRIO DE ÁGUA
650 _aFITOPLANCTON
650 _aTAXONOMIA VEGETAL
773 0 _tIheringia. Série Botânica (Brazil)
_xISSN 0073-4705
_g(Dec 2009), v.64(2) p. 123-143
_wBR2012002849
909 _a202311
_bLúcia
_c55
_dLúcia Elande
942 _2AGRIS
_n0
_cANA
999 _c218601
_d218601